Library Banner

A philosophical approach to Islam / (Record no. 97929)

MARC details
000 -LEADER
fixed length control field 01154nam a22002537a 4500
005 - DATE AND TIME OF LATEST TRANSACTION
control field 20260420125741.0
008 - FIXED-LENGTH DATA ELEMENTS--GENERAL INFORMATION
fixed length control field 170907b xxu||||| |||| 00| 0 eng d
020 ## - INTERNATIONAL STANDARD BOOK NUMBER
International Standard Book Number 3821700254
040 ## - CATALOGING SOURCE
Transcribing agency PK-LaUMT
082 ## - DEWEY DECIMAL CLASSIFICATION NUMBER
Classification number ZIAC 297.01
Item number WIL-P
100 1# - MAIN ENTRY--PERSONAL NAME
Personal name Hofmann, Murad Wilfried
245 12 - TITLE STATEMENT
Title A philosophical approach to Islam /
Statement of responsibility, etc Murad Wilfried Hofmann
246 10 - VARYING FORM OF TITLE
Title proper/short title Study on government policy regarding the educational uplift of the Muslims and the new opportunities offered by the open universities in the country / M. Manzoor Ahmad
246 10 - VARYING FORM OF TITLE
Title proper/short title Islam : the religion of love / Muhammad Mazharuddin Siddiqi
246 14 - VARYING FORM OF TITLE
Title proper/short title The multiple mazuri : scholar, ideologue, philosopher and artist / Chaly Sawere
246 14 - VARYING FORM OF TITLE
Title proper/short title The process of Islamization / Gaafar Sheikh Idrees
246 14 - VARYING FORM OF TITLE
Title proper/short title Know the Hindus : Jews of the sub-continent
246 10 - VARYING FORM OF TITLE
Title proper/short title Hindu mentality : an introduction / Muhammad Munawwar
246 10 - VARYING FORM OF TITLE
Title proper/short title Pluralism in Muslim-Christian relations / John L. Esposito
260 ## - PUBLICATION, DISTRIBUTION, ETC. (IMPRINT)
Place of publication, distribution, etc Cologne :
Name of publisher, distributor, etc Verlag Islamische Bibliothek M. Rassoul,
Date of publication, distribution, etc 1983
300 ## - PHYSICAL DESCRIPTION
Extent This volume consists of 8 books bound in one.
546 ## - LANGUAGE NOTE
Language note English
942 ## - ADDED ENTRY ELEMENTS (KOHA)
Koha item type Books
Holdings
Withdrawn status Lost status Damaged status Home library Current library Date acquired Full call number Barcode Date last seen Price effective from Koha item type
      UMT Main Campus UMT Main Campus 2017-09-07 ZIAC 297.01 WIL-P 113184 2017-09-07 2017-09-07 Books